000 00646nam a22002177a 4500
008 240702b mp ||||| |||| 00| 0 mon d
020 _a99929-0-223-Х
035 _a15392
040 _aZA2481090
_bmon
_cMN-UlNLM
_dMN-UlNLM
_erda
041 _amon
042 _a35710
084 _2NNA
_a84/2Орос/-44
_bЧ-205
100 _aЧандар К.
245 0 _aМянган эрийн сэтгэл булаасан бүсгүй
264 _aУлаанбаатар
_bАДМОН
_c2003
300 _a105х.
336 _2rdacontent
_atext
_btxt
337 _2rdamedia
_aunmediated
_bn
338 _2rdacarrier
_avolume
_bnc
942 _2NNA
_cBK
999 _c1083255
_d1083312